000 00908nam a2200229Ii 4500
003 JO-AjNU
008 230605s9999||||xx |||||||||||||| ||und||
017 _a2004/247
020 _a33321-69-06-0
040 _aJO-AjNU
_bara
_erda
_cJO-AjNU
041 _aara
050 1 4 _aPN5449.Q28.K38 2004
100 3 _aتأليف الكواري، ربيعة بن صباح ؛ م.مشارك مراد عبد الرحمن مبروك,
_eauthor
_945374
245 0 0 _aالصحافة القطرية والإتصال اللغوي: صحيفة الراية أنموذجا (1979 - 2004)
250 _aط1
264 3 1 _aالدوحة: شركة الخليج للنشر والطباعة، 2004
300 _a525ص
336 _atext
_btxt
_2rdacontent
337 _aunmediated
_bn
_2rdamedia
338 _avolume
_bnc
_2rdacarrier
650 4 _aالصحافة - الصحافة القطرية - الإتصال اللغوي
_945375
999 _aA19663
_c23231
_d23231